Foo Fighters Top 50 Streamed Songs on Spotify - Statistics

General Stats
  • This quiz has been taken 13 times
  • The average score is 21 of 50
Answer Stats
# Album Song % Correct
1 The Colour and the Shape Everlong
100%
2 Echoes, Silence, Patience & Grace The Pretender
80%
6 One by One All My Life
70%
10 Greatest Hits {Everlong} - Acoustic Version
70%
5 The Colour and the Shape My Hero
70%
3 In Your Honor Best of You
60%
4 There Is Nothing Left to Lose Learn to Fly
60%
9 The Colour and the Shape Monkey Wrench
60%
7 One by One Times Like These
60%
17 Wasting Light Rope
50%
21 Wasting Light Arlandria
40%
43 There Is Nothing Left to Lose Aurora
40%
13 Foo Fighters Big Me
40%
16 There Is Nothing Left to Lose Breakout
40%
23 Wasting Light Bridge Burning
40%
26 In Your Honor DOA
40%
41 There Is Nothing Left to Lose Generator
40%
37 The Colour and the Shape Hey, Johnny Park!
40%
24 Foo Fighters I'll Stick Around
40%
25 Echoes, Silence, Patience & Grace Let It Die
40%
20 Echoes, Silence, Patience & Grace Long Road to Ruin
40%
14 Concrete and Gold Run
40%
42 There Is Nothing Left to Lose Stacked Actors
40%
12 Wasting Light These Days
40%
11 Concrete and Gold The Sky Is a Neighborhood
40%
19 Foo Fighters This Is a Call
40%
35 But Here We Are Under You
40%
8 Wasting Light Walk
40%
15 Greatest Hits Wheels
40%
44 Echoes, Silence, Patience & Grace Come Alive
30%
33 Sonic Highways Congregation
30%
32 Wasting Light Dear Rosemary
30%
46 The Colour and the Shape Doll
30%
39 Echoes, Silence, Patience & Grace Home
30%
50 Sonic Highways I Am a River
30%
47 Medicine at Midnight Making a Fire
30%
48 Medicine at Midnight No Son of Mine
30%
28 In Your Honor No Way Back
30%
40 Sonic Highways Outside
30%
34 But Here We Are Rescued
30%
22 Saint Cecilia EP Saint Cecilia
30%
38 Medicine at Midnight Shame Shame
30%
18 Sonic Highways Something From Nothing
30%
27 Echoes, Silence, Patience & Grace Stranger Things Have Happened
30%
36 Sonic Highways The Feast and the Famine
30%
49 Concrete and Gold The Line
30%
29 Medicine at Midnight Waiting On a War
30%
31 The Colour and the Shape Walking After You
30%
45 Wasting Light White Limo
30%
30 00020225 {Times Like These} - Acoustic Version
20%
No matching quizzes found
Score Distribution
Percent of People with Each Score
Percentile by Number Answered
Your Score History
You have not taken this quiz